Wu qiu bei zhai Lun yu ji cheng,

Saved in:
书目详细资料
主要作者: Yan, Lingfeng, 1904-
其他作者: Confucius.
格式: 图书
语言:Chinese
出版: [Taibei] Yi wen yin shu guan [1966]
主题:
标签: 添加标签
没有标签, 成为第一个标记此记录!
LEADER 01293cam a2200361 4500
001 007721082-4
005 20024617104250.0
008 890721s1966 ch ac 000 0 chi
010 |a 70836182 
035 0 |a ocm20051786 
035 0 |a ocm20051786  |z ocm34687849 
040 |a DLC  |c CLU  |d OCoLC  |d CLU  |d *YNH*  |d CStRLIN 
050 0 |a PL2471.Z6  |b Y42 
100 1 |6 880-01  |a Yan, Lingfeng,  |d 1904- 
245 1 0 |6 880-02  |a Wu qiu bei zhai Lun yu ji cheng,  |c Yan Lingfeng bian ji. 
260 |6 880-03  |a [Taibei]  |b Yi wen yin shu guan  |c [1966] 
300 |a 308 v. (double leaves) in 66.  |b illus., port.  |c 19 cm. 
500 |6 880-04  |a Binderʻs title: Lun yu ji cheng. 
500 |6 880-05  |a Fu zuo zhe lue li biao. 
500 |a Facimile reproduction. 
600 0 0 |6 880-06  |a Confucius.  |t Lun yu. 
700 0 2 |6 880-07  |a Confucius.  |t Lun yu.  |f 1966. 
740 0 |6 880-08  |a Lun yu ji cheng. 
880 1 |6 100-01  |a 嚴靈峯,  |d 1904- 
880 1 0 |6 245-02  |a 無求備齋論語集成,  |c 嚴靈峯編輯. 
880 |6 260-03  |a [臺北]  |b 藝文印書館  |c [1966] 
880 |6 500-04  |a Binderʻs title: 論語集成. 
880 |6 500-05  |a 附作者略歷表. 
880 0 0 |6 600-06  |a Confucius.  |t 論語. 
880 0 2 |6 700-07  |a Confucius.  |t 論語.  |f 1966. 
880 0 |6 740-08  |a 論語集成. 
988 |a 20021127 
906 |0 DLC